[Osobnosti Ústavu experimentálnej psychológie SAV]

Salvato in:
Dettagli Bibliografici
Autore principale: Hanák, Róbert, 1979-
Natura: Capitolo di libro
Lingua:slovacco
Tags: Aggiungi Tag
Nessun Tag, puoi essere il primo ad aggiungerne!!

MARC

LEADER 00000naa a2200000 4500
001 0229261
005 20240502073756.9
041 0 |a slo 
044 |a SK 
245 1 0 |a [Osobnosti Ústavu experimentálnej psychológie SAV]  |c Róbert Hanák 
100 1 |a Hanák, Róbert, 1979-